[Event "GER CupT"]
[Site "Germany"]
[Date "1993.??.??"]
[Round "?"]
[White "Jussupow, Artur"]
[Black "Christiansen, Larry Mark"]
[Result "1-0"]
[WhiteElo "2645"]
[BlackElo "2620"]
[Annotator "Jussupow,A"]
[PlyCount "99"]
[EventDate "1993.??.??"]
[EventType "team"]
[EventRounds "9"]
[EventCountry "GER"]
[SourceTitle "CBM 038"]
[Source "ChessBase"]
[SourceDate "1994.02.01"]
[SourceVersion "1"]
[SourceVersionDate "1994.02.01"]
[SourceQuality "1"]

1. d4 Nf6 2. c4 d6 3. Nc3 Nbd7 4. Nf3 c6 5. e4 e5 6. Be2 Be7 7. O-O O-O 8. Qc2
a6 9. Rd1 Qc7 10. Bg5 Re8 (10... h6 11. Bh4 Re8 (11... b5 12. cxb5 (12. a3 Bb7
(12... Re8 13. Rac1 Bb7 14. dxe5 dxe5 15. b4 Rad8 16. Qb3 Qb8 17. Bg3 Nh5 18.
a4 $14 {Khalifman-Ubilava/USSR ch1l/1986}) 13. Rac1 Rac8 14. Qb1 (14. dxe5 dxe5
15. b4 $5) 14... Qb8 $10 {Balashov-Chekhov/USSR ch/1984}) 12... cxb5 13. Rac1
$14) 12. h3 (12. Rac1 Nf8 (12... Bf8 $6 13. a3 Nh5 $2 14. Nxe5 Nxe5 15. dxe5
Rxe5 16. Bxh5 Rxh5 17. Bg3 $16 {צh5 Yermolinsky-Men/USA ch/1992}) (12... Nh7
13. Bxe7 Rxe7 14. b4 $14 {Peshina-Espig/Eger/1987}) (12... Qb8 $5 13. a3 b5 14.
b4 Bb7 15. dxe5 dxe5 $132 {Panzer-Lutz/Dortmund/1992}) 13. c5 (13. dxe5 dxe5
14. Bg3 Ng6 $10 {Kiss-Zagrebelny/Hungary tt/1992}) 13... exd4 (13... dxc5 14.
dxe5 (14. Bg3 cxd4 15. Bxe5 Qa5 $10 {Sher-Gulko/Volgodonsk USSR ch1/2/1983})
14... Nh5 15. b4 $1 $16 cxb4 $140 16. Nd5 {Malaniuk,Legky}) 14. cxd6 (14. Bg3
$6 dxc3 15. cxd6 Bxd6 16. Rxd6 Nxe4 17. Re6 Nxg3 18. Rxe8 Bf5 $1 $17 {
Dommes-Kavalerov/Leningrad/1990}) 14... Bxd6 15. Rxd4 Ng4 16. Bg3 Bxg3 17. hxg3
Qe7 (17... Be6 18. Nd5 $1 $14 {Malanjuk}) (17... Qa5 18. Qd1 $1 Qh5 19. Nh4 g5
20. Nd5 $1 cxd5 21. Rxc8 gxh4 22. Bxg4 $16 {Topalov-Serper/Arnchem EU-chj/1989}
) 18. Rcd1 Qc5 $13 {Beliavsky-Malaniuk/USSR ch/1986}) (12. b4 Nf8 13. Bg3 Nh5
14. dxe5 Nxg3 15. hxg3 dxe5 16. c5 $10 {Litvinov-Malaniuk/Minsk/1985}) 12... b6
$6 (12... Nf8 13. Bg3) 13. Bg3 Bb7 14. c5 $1 $16 {Yusupov-Vaganian/Montpellier
ct/1985}) (10... b5 11. cxb5 cxb5 12. Rac1 Re8 13. a4 b4 14. Nd5 Qxc2 15. Nxe7+
Rxe7 16. Rxc2 Bb7 17. Rc7 $14 {Polujahov-Shuraev/USSR ch1/2/1991}) 11. Rac1 (
11. h3 exd4 (11... Nf8 12. c5 $13 dxc5 13. dxe5 N6d7 14. Bf4 Ng6 {
Polujahov-Emoldi/Kobanya/1992}) 12. Nxd4 (12. Rxd4 b5 13. cxb5 cxb5 14. a4 $5
$14 {Gelfand}) 12... Ne5 13. Rd2 Bd7 (13... Ng6 14. Rad1 h6 15. Bxf6 Bxf6 16.
Nf5 Bxf5 17. exf5 Bxc3 18. Qxc3 Nf8 $14 {Snaider-Serper/USSR/1987}) 14. Rad1
Rad8 15. a3 h6 16. Bh4 Bc8 17. Bg3 $1 Bf8 18. f4 Ng6 19. Bf3 $16 {
Yakovic-Serper/USSR/1987}) (11. Rd2 h6 12. Bh4 Nh7 (12... Nf8 13. c5 exd4 14.
cxd6 Bxd6 15. Rxd4 (15. Bxf6 dxc3 16. Bxc3 Bf4 (16... Ng6 $5) 17. Rdd1 Bg4 18.
g3 Bxf3 19. Bxf3 Be5 $14 {Kozul-Lobron/Vidmar mem/1989}) 15... Ng4 16. Bg3 Bxg3
17. hxg3 Qe7 18. Rad1 {Epishin-Serper/Tbilisi/1989 -Beliavsky-Malaniuk}) 13.
Bxe7 Rxe7 14. Rad1 Nhf6 15. b4 a5 $132 {Epishin-Serper/Vilnius/1988}) 11... b6
(11... h6) (11... Nf8 $5 12. c5 dxc5 13. dxe5 Ng4 14. Bxe7 Qxe7 15. Na4 Nxe5
16. Qxc5 $14 {Gruenberg-Espig/DDR ch/1988}) 12. Bh4 $5 $146 (12. b4 Bb7 13. b5
$13 exd4 $2 (13... Rac8 $142 {Lobron}) 14. Nxd4 cxb5 15. cxb5 $16 {
Anand-Lobron/Philadelphia/1986}) 12... Bb7 13. c5 $5 exd4 (13... bxc5 14. dxe5
$16 {><c5,c6}) (13... dxc5 $5 14. dxe5 Nxe5 (14... Ng4 15. e6 fxe6 16. Bg3 $44)
15. Nxe5 (15. Bg3 Nfg4 $5 (15... Nfd7 16. Na4 Bf6 17. Rxd7) (15... Bd6 16. Rxd6
Qxd6 17. Nxe5 Rxe5 18. f4 (18. Na4 Nxe4 19. Bxe5 Qxe5 20. Nxb6 $14) 18... Ree8
19. e5 Qd4+ 20. Bf2 Qxf4 21. exf6 $16 {/\Na4})) 15... Qxe5 16. Na4 b5 (16...
Nxe4 17. Bxe7 Rxe7 18. Bd3 $5 (18. Nxb6 Rae8 19. Bd3)) (16... Bd8 17. Bf3 $36)
17. Bxf6 Qxf6 18. Nxc5 Bxc5 19. Qxc5 $44) 14. cxb6 $14 Qxb6 15. Nxd4 Bf8 (15...
c5 $6 16. Nf5 $16) 16. Nf5 d5 $1 17. Bf3 g6 18. Ne3 Rac8 $1 (18... d4 19. Nc4
Qa7 (19... Qb4 $2 20. Rxd4 c5 21. a3 $18) 20. e5 $1 Nd5 21. Ne4 (21. Nxd5 cxd5
22. Nd6 $16) 21... Nxe5 22. Nxe5 Rxe5 23. Nf6+ Nxf6 24. Bxf6 $16) 19. exd5 cxd5
20. Qb3 $1 (20. Nexd5 Nxd5 21. Bxd5 Bxd5 22. Rxd5 Ne5 $44) (20. Bxf6 Nxf6 21.
Nexd5 Bxd5 22. Bxd5 Ng4 $44 {/\Nf2}) 20... Qxb3 21. axb3 Bh6 22. Ncxd5 Rxc1 23.
Nxf6+ Nxf6 24. Rxc1 Bxf3 (24... Rxe3 $2 25. fxe3 Bxe3+ 26. Kf1 Bxc1 27. Bxb7
$18) 25. Bxf6 Bxe3 $2 (25... Be2 $14) 26. fxe3 $16 Be2 27. Kf2 Bb5 28. g4 $1 h6
29. h4 Bd7 30. g5 h5 31. Rc7 Bb5 32. Be7 Bd3 33. Kf3 Bf5 34. e4 Be6 35. b4 Rc8
36. Rb7 Bc4 37. Kf4 Bb5 38. Ra7 Kg7 39. b3 Bf1 40. e5 Kg8 41. Ke4 (41. e6 $6
fxe6 42. Ke5 Bd3 $14) 41... Be2 42. Kd4 Bf1 43. Bd6 $1 {/\Bc7, Kc5-b6 ><a6} Bb5
44. Bc7 Kf8 45. Kc5 Ke7 46. Kd5 $5 {/\Bd6} (46. Kb6 Ke6 47. Bd6 $16) 46... Bd7
$6 (46... Kf8 $142 47. Kd6 $16) 47. Bd6+ Kd8 48. Bc5 $1 $18 {><a6,f7} Rc6 49.
Ra8+ Kc7 50. Bd6+ (50. Bd6+ Kb7 51. Rb8+ Ka7 52. Rd8 $18 {Yusupov}) 1-0

[Event "Olympiad-32"]
[Site "Yerevan"]
[Date "1996.09.18"]
[Round "3.4"]
[White "Nevednichy, Vladislav"]
[Black "Day, Lawrence A"]
[Result "1-0"]
[WhiteElo "2525"]
[BlackElo "2400"]
[Annotator "Kharitonov,A"]
[PlyCount "79"]
[EventDate "1996.09.15"]
[EventType "team-swiss"]
[EventRounds "14"]
[EventCountry "ARM"]
[SourceTitle "CBM 055"]
[Source "ChessBase"]
[SourceDate "1996.12.01"]
[SourceVersion "1"]
[SourceVersionDate "1996.12.01"]
[SourceQuality "1"]
[WhiteTeam "Romania"]
[BlackTeam "Canada"]
[WhiteTeamCountry "ROU"]
[BlackTeamCountry "CAN"]

1. e4 c6 2. c4 d6 3. d4 e5 4. Nf3 Nd7 5. Nc3 Ngf6 6. Be2 Be7 7. O-O O-O 8. Be3
(8. Qc2 Re8 9. Rd1 Qc7 10. Bg5 a6 11. Rac1 b6 12. a3 Bb7 13. d5 cxd5 14. cxd5
Rac8 15. Qb1 $14 {Pogorelov,R-Spraggett,K/Ubeda/1996/1|0/41/}) 8... Re8 {N/} (
8... a6 9. d5 cxd5 10. cxd5 Ng4 11. Bd2 b5 12. Ne1 Ngf6 13. Nc2 Nb6 $6 14. Nb4
Bd7 15. Rc1 Rc8 16. b3 a5 $8 17. Nc6 Bxc6 18. dxc6 b4 19. Nb5 Nxe4 20. Be3 $16
{Shipov,S-Margolin,B/Rethymnon/1995/}) (8... Qc7 9. d5 Nc5 10. Nd2 a5 11. a3
Bd7 12. b4 axb4 13. axb4 Na6 14. Qb3 c5 15. bxc5 Nxc5 16. Qb4 b6 17. Rfb1 $14 {
Stohl,I-Konopka,M/CZE/1995/}) 9. Qc2 Bf8 10. d5 $1 c5 11. Ne1 $14 Be7 (11... g6
12. Nd3 Bg7 13. b4 $36) 12. a3 b6 13. b4 Rf8 14. Nd3 Ne8 15. Qd2 (15. Rab1 Bg5
$1) 15... Kh8 16. a4 (16. Rab1 $5) 16... a5 17. bxa5 bxa5 (17... Rxa5 18. Nc1
$22 g6 19. Nb3 $16) 18. Nb5 Nb6 19. Nc1 f5 20. exf5 Bxf5 21. Nb3 Nd7 22. f3 h6
23. Bd3 $16 Bg5 24. Bxg5 hxg5 (24... Qxg5 25. Qxg5 hxg5 26. Bxf5 Rxf5 27. Nd2
$16) 25. Bxf5 Rxf5 26. Rab1 Rf4 27. Qc2 Qf6 28. Nd2 Rh4 29. Ne4 Qg6 30. g3 Rh6
31. Qe2 (31. Nbc3 $5 Qf5 32. Rb7 $16) 31... Ra6 32. Nbc3 Nef6 33. Rb5 $18 g4 (
33... Nxe4 34. Nxe4 Nf6 35. Rfb1 $18) 34. fxg4 Nxg4 35. h4 Ngf6 36. Ng5 Ra8 37.
Nce4 $1 Nxe4 38. Qxe4 Qxe4 39. Nxe4 Rg6 40. Kg2 (40. Kg2 Kg8 41. Rb7 Nf6 42.
Nxd6 Nxd5 43. Nf5 Nf4+ 44. Kh2 $18) 1-0

[Event "Terrassa"]
[Site "Terrassa"]
[Date "1991.??.??"]
[Round "6"]
[White "Lautier, Joel"]
[Black "Illescas Cordoba, Miguel"]
[Result "1-0"]
[WhiteElo "2550"]
[BlackElo "2545"]
[Annotator "Lautier,J"]
[PlyCount "69"]
[EventDate "1991.05.??"]
[EventType "tourn"]
[EventRounds "9"]
[EventCountry "ESP"]
[EventCategory "12"]
[SourceTitle "CBM 024"]
[Source "ChessBase"]
[SourceDate "1991.10.01"]
[SourceVersion "1"]
[SourceVersionDate "1991.10.01"]
[SourceQuality "1"]

1. c4 {Ribli} e5 2. Nc3 Nf6 3. Nf3 d6 4. g3 c6 5. Bg2 Be7 6. O-O O-O 7. e4 Nbd7
8. d4 a6 9. a4 (9. Re1 {Ribli} b5 10. c5 Bb7 11. cxd6 Bxd6 12. h3 Re8 13. a3 c5
$13 {Vanhaste,J-Martin,A Dieren op 1990 EXP/19}) 9... a5 10. d5 $6 (10. h3) (
10. h3 $5 {Ribli} Re8 11. Qc2 Bf8 12. Be3 g6 13. Rad1 $14 {Antoshin-Golovko
URS 1962}) 10... Nc5 11. Ne1 Qb6 12. h3 (12. Nd3 $6 Bg4 13. Qc2 Nb3 14. Ra3 Nd4
$15) 12... Qb4 (12... Nb3 $2 13. Be3 Nd4 14. Nd3 {with the idea f4 +/-}) 13.
Qe2 Nb3 14. Nc2 Nxc1 15. Rfxc1 Qb6 (15... Qxb2 $4 16. Rcb1 (16. Qe3 {Ribli} Qb3
17. Bf1 $18) 16... Qxc3 17. Ra3 $18) 16. Ne3 $6 (16. Ne1 Nd7 17. Nd3 Nc5 18.
Nxc5 Qxc5 $10) 16... Qc5 $2 (16... Nd7 17. Nf5 Qd8 18. dxc6 bxc6 19. Rd1 Nc5
20. Nxe7+ Qxe7 $15) 17. Rc2 $1 {with the plan Na2-c1-d3} g6 18. Na2 $1 Nd7 19.
Nc1 Qb6 20. Nd3 Nc5 21. Ra3 $2 (21. Nxc5 Qxc5 22. Ra3 $14) 21... Kh8 $2 (21...
Nb3 $1 22. Qd1 (22. c5 Nxc5 23. Nc4 Qc7 24. Nxc5 (24. Ncxe5 $2 dxe5 25. Nxc5 b6
) 24... dxc5 25. Rd2 cxd5 26. exd5 Bd6 27. Rb3 Ra6 $17) 22... Nd4 23. Rc1 c5
24. f4 f5 25. fxe5 dxe5 26. Nxe5 Qc7 $15) 22. Kh1 $2 (22. Nxc5 $14) 22... f5 $2
(22... Nb3 $15) 23. exf5 gxf5 24. Nxc5 Qxc5 25. Rb3 $1 $16 {>< b7} Bf6 $6 (
25... f4 26. gxf4 (26. Qh5 $2 fxe3 27. Be4 Bf5 28. Bxf5 Rxf5 29. Qxf5 Rf8 30.
Qd3 exf2 31. Qf1 cxd5 $17) 26... exf4 (26... Rxf4 27. Qh5 $16) 27. Ng4 Bf5 (
27... Bxg4 28. hxg4 Rae8 29. Rxb7 $18) 28. Be4 $16) 26. Qh5 $1 Bg7 27. g4 $1
Ra6 (27... f4 $2 28. Be4 h6 29. Qg6 Kg8 30. Qh7+ Kf7 31. Bg6+ Kf6 32. Bh5 $18)
(27... fxg4 {Ribli} 28. Be4 h6 29. Qg6 $18) 28. gxf5 Rb6 29. Rd3 Qb4 (29... Bf6
30. Ng4 $18) 30. f6 $1 $18 Rxf6 31. Be4 Kg8 32. Rd1 $1 Kf8 33. Rg1 h6 34. f3 $1
Qb3 35. Rcg2 (35. Rcg2 Rf7 36. Rxg7 $18) 1-0

[Event "ROM-chT"]
[Site "Calimanesti Caciulata"]
[Date "2016.11.20"]
[Round "2.1"]
[White "Marin, Mihail"]
[Black "Berkes, Ferenc"]
[Result "0-1"]
[WhiteElo "2549"]
[BlackElo "2645"]
[Annotator "Marin,M"]
[PlyCount "82"]
[EventDate "2016.11.19"]
[EventType "team-tourn"]
[EventRounds "9"]
[EventCountry "ROU"]
[SourceTitle "CBM 176"]
[Source "ChessBase"]
[SourceDate "2017.01.17"]
[SourceVersion "1"]
[SourceVersionDate "2017.01.17"]
[SourceQuality "1"]
[WhiteTeam "Timisoara Medicina"]
[BlackTeam "Timisoara AEM"]
[WhiteTeamCountry "ROU"]
[BlackTeamCountry "ROU"]

{This was my first game ever against Ferenc, but I had first met him in Wijk
aan Zee 2005 when he acted as Leko's second. This detail made me suspect that
he was an opening expert so I spent a longer time than usual on my preparation.
As we will see, my effort was in vain...} 1. Nf3 Nf6 2. c4 d6 3. d4 Nbd7 4. Nc3
c6 5. e4 e5 6. Be2 Be7 {I was quite puzzled by my opponent's opening choice.
He had not played the Old Indian before but I had also not faced it recently.
Not in the last two decades to be more precise!! This surely faced me with two
main problems. First of all, I had some problems remembering what my usual
system was all about and secondly, even if I remembered correctly, there was a
risk that I would treat the position with my understanding from the early '90s,
which presumably was less deep than the state of affairs now.} 7. O-O O-O 8.
Re1 a6 9. Rb1 Re8 (9... b5 {is a bit premature because it allows White to
reveal his hand at once:} 10. b4 Qc7 (10... Bb7 11. a4 Qc7 12. Bg5 h6 13. Bh4
Rfe8 14. Bg3 (14. cxb5 cxb5 15. Rc1 Qb8 16. axb5 Nxe4 17. Bxe7 Nxc3 18. Rxc3
Rxe7 19. Nh4 g6 20. Rg3 $36) 14... bxa4 (14... bxc4 15. Bxc4 $16) 15. c5 a5 16.
b5 $16 {Rashkovsky,N (2495)-Dorfman,J (2540) Nikolaev 1983 (1-0, 37)}) 11. a4
bxc4 12. Bxc4 Rb8 13. Ba3 (13. Ba2 $5 $14) 13... exd4 (13... Bb7 {Marin,M 
(2530)-Herreros Fernandez,M Manresa 1994 (1-0, 27)} 14. Rc1 $14) 14. Qxd4 (14.
Nxd4 Ne5 15. Bf1 Rd8 {[%cal Gd6d5,Gc6c5] looks flexible for Black.}) 14... Ne5
15. Be2 {Skembris,S (2420)-Lobron,E (2585) Haifa 1989 (1/2-1/2, 35)} Be6 $132)
10. Bf1 ({After the game my opponent said he considered} 10. b4 {stronger, but
according to my old repertoire White should only advance his b-pawn as an
answer to ...b7-b5. True, it could transpose to the game in the worst of the
cases.} Qc7 (10... exd4 $6 11. Nxd4 c5 $6 {is premature:} 12. bxc5 Nxc5 13. f3
Be6 14. Be3 Qc7 15. Qd2 Rac8 16. Rec1 $14 {Milos,G (2583)-Hoffman,A (2450)
Linares 2014 (1-0, 43)}) 11. Be3 (11. Bf1 b5 12. a4 {transposes to the game}) (
11. a4 a5 12. b5 Bf8 {[%cal Gg7g6,Ge5d4,Gf8g7,Gd7c5] offers Black the
c5-square for his knight in the future.}) 11... Ng4 12. Bd2 b5 {with
reasonable play.}) 10... b5 ({I remember that a long time ago I did not find a
clue to a more static plan against a very experienced player, who had defeated
Fischer in his best years:} 10... Qc7 11. b4 Nf8 12. h3 Ng6 13. Be3 h6 14. Qd2
(14. a4 a5 15. b5 Nd7) 14... b5 15. d5 (15. Rec1 Qb7 16. a4 bxc4 17. Bxc4 d5
18. dxe5 dxc4 19. exf6 Bxf6 $13) 15... cxd5 16. cxd5 Bd7 $11 {Marin,M (2485)
-Kovacevic,V (2530) Kavala 1990 CBM 021 [Ribli] (1/2-1/2, 51)}) 11. b4 Qc7 12.
a4 {This is White's main idea: he strikes on the wing where only Black is
supposed to have ambitions. The only problem is that the numerous pawn moves
have left White slightly behind in development.} exd4 13. Nxd4 bxc4 $1 {
Deviating from two old games of mine:} (13... Ne5 14. cxb5 cxb5 15. Bb2 bxa4
16. Qxa4 Bb7 17. Qb3 Rac8 18. Nf5 Bf8 19. b5 Nc4 20. b6 Nxb6 21. Ba1 Nfd7 22.
Na4 Bxe4 23. Rxe4 Rxe4 24. Nh6+ $1 {1-0 Marin,M (2480)-Naumann,F (2305)
Budapest 1990}) (13... Nb6 14. cxb5 cxb5 15. Bb2 Nxa4 16. Nxa4 bxa4 17. Qxa4
Bb7 18. f3 g6 19. Kh1 Nh5 20. Rec1 Qb6 21. Qa5 Bd8 22. Qxb6 Bxb6 23. Nb3 d5 {
Marin,M (2520)-Spraggett,K (2530) Manresa 1995 (1/2-1/2, 33)} 24. Nc5 $16 Bxc5
25. bxc5 dxe4 26. c6 Bc8 27. fxe4 Rxe4 28. c7 $18) 14. Bxc4 Ne5 $1 $146 {
The best square for the knight.} (14... Nb6 15. Bf1 (15. Ba2 {is also strong.
Black does not benefit from reacting as in our main game as his knight is
badly placed on b6.} c5 16. bxc5 dxc5 17. Nf3 $16 {[%cal Ga4a5,Ge4e5]}) 15...
c5 16. bxc5 Qxc5 17. Bb2 Nc4 18. Ba1 $14 {Smirnov,S (2282)-Kuvsinov,A (2022)
Mondariz 2003 (1-0, 63)}) 15. Ba2 {As a feeble consolation I found out from my
opponent that for a while I made the best computer moves. Unfortunately this
took me a lot of time and energy and I went badly wrong at some point.} c5 16.
bxc5 (16. Nc2 cxb4 17. Nd5 Nxd5 18. Bxd5 Rb8 19. Rxb4 Be6 $11 {Black's
activity compensates for the imperfect structure.}) 16... dxc5 ({It took me
some time to make sure nothing could go wrong in lines such as} 16... Qxc5 17.
Nd5 Bg4 (17... Nxd5 18. Bxd5 Bg4 {is similar} 19. f3 Bxf3 20. gxf3 Qxd4+ 21.
Qxd4 Nxf3+ 22. Kg2 Nxd4 23. Bxa8 Rxa8 24. Rd1 Ne6 25. Ba3) 18. f3 Bxf3 19. gxf3
Qxd4+ 20. Qxd4 Nxf3+ 21. Kh1 Nxd4 22. Nc7 $16 {Black will have two pawns for
the exchange but White is quite active and the a6-pawn is in big danger.}) 17.
Nd5 Nxd5 18. Bxd5 Rb8 19. Rxb8 Qxb8 20. Nc6 $2 {After failing to find an
advantage with any of the knight moves I randomly chose the only one... which
caused problems to myself.} (20. Nf5 Bf6 ({Slightly more ambitious than} 20...
Bxf5 21. exf5 Bf6 22. Bf4 Rd8 {which does not look too bad either.}) 21. Ne3
Qb4 $11 {Statically White stands better but Black's activity maintains the
equality.}) (20. Nc2 c4 21. Bf4 Bd6 22. Ne3 $13 {with a similar verdict.})
20... Nxc6 21. Bxc6 Rd8 22. Bd5 {The best move, even though one move later I
started regretting it.} (22. Qc2 Be6 {offers Black the initiative.}) 22... Be6
{With not so much time on the clock already, I suddenly realised I was going
to lose a pawn.} 23. Qe2 $2 ({My initial intention was} 23. Qc2 $2 Bxd5 24.
exd5 {but then I noticed} Qb7 $1 {defending the bishop and dooming the pawn.})
({Later that evening Ferenc told me that he noticed the computer recommends} 
23. Bd2 {but was not curious to check the details. To tell the truth,
intuition also dictated that I should play like this, due to the possible Ba5,
but I could not make it work concretely.} Bxd5 24. exd5 Qb7 25. Qb1 $3 {
Not an easy move to find and evaluate.} Qxb1 (25... Qxd5 $2 26. Ba5 Re8 27.
Rxe7 $1) 26. Rxb1 Rxd5 27. Be3 f5 28. Kf1 $11 {White is likely to retrieve the
pawn soon after intruding with the rook.}) 23... Qb4 24. Bb2 Bxd5 25. exd5 Bf8
$17 {Black wins a pawn and the only question is whether White can set up a
fortress.} 26. Rd1 Qxa4 27. Bc3 h6 28. g3 Qb5 29. Qd2 Qc4 30. h4 Qe4 31. Qe3 $5
Qf5 ({I had calculated} 31... Qxe3 32. fxe3 f5 33. g4 g6 (33... fxg4 34. e4 {
looks very much OK}) 34. h5 ({Engines give} 34. gxf5 gxf5 35. Kf2 $11 {as
simpler but my original intention seems to be viable, too.}) 34... fxg4 35.
hxg6 Bg7 36. Ba5 Rd7 37. Kg2 Be5 38. Be1 Kg7 39. Bg3 Bxg3 40. Kxg3 h5 41. d6
Kxg6 42. Rd5 a5 (42... c4 43. Kh4 c3 44. Rg5+ Kf7 45. Rxh5 Rxd6 46. Rc5 Rd3 47.
Kxg4 Rxe3 48. Kf4 Rh3 49. Ke4 Ke6 50. Kd4 $11 {[%cal Gc5c3]}) 43. Kh4 a4 44.
Rxc5 Rxd6 45. Rg5+ Kf6 46. Rxh5 $11) 32. Qe5 {It is curious that by now I was
looking forward to exchanging queens but at the critical moment, when I could
have more or less forced it (Qb1!!), I did not.} Qg4 33. Rd2 Bd6 34. Qe3 Rb8
35. Kg2 Rb3 36. Rd3 Rb8 $5 {Changing the plan for unknown reasons.} ({I feared
} 36... Qf5 {but maybe Ferenc thought} 37. Qf3 Qxf3+ 38. Rxf3 c4 {would not be
enough. I am afraid it would.}) 37. Rd2 Qf5 38. Qe2 ({Maybe I should have tried
} 38. Qd3 Qxd3 39. Rxd3 Rb3 40. Re3 c4 41. Re8+ Kh7 42. Be1 Rd3 43. Rc8 Rxd5
44. Rxc4 $17) 38... Rb1 39. Qc4 Rc1 40. Rd3 $2 {The last move in severe time
trouble.} (40. Qd3 $5) 40... Be5 41. Rf3 (41. d6 Rxc3 42. Rxc3 Bxc3 43. Qxc3
Qd5+ 44. Qf3 Qxd6 $19) 41... Qxf3+ $1 {Oops!} ({I was expecting} 41... Qd7 42.
Qxc5 Rxc3 43. Rxc3 Bxc3 44. Qxc3 Qxd5+ 45. Kg1 a5 {which should be lost, but
would at least have allowed me to play on for a while.}) (41... Qxf3+ $1 42.
Kxf3 Rxc3+) 0-1

[Event "Capablanca Memorial Elite 38th"]
[Site "Havana"]
[Date "2003.05.09"]
[Round "4"]
[White "Andersson, Ulf"]
[Black "Zapata, Alonso"]
[Result "1-0"]
[WhiteElo "2594"]
[BlackElo "2543"]
[Annotator "Meulders,R"]
[PlyCount "87"]
[EventDate "2003.05.06"]
[EventType "tourn"]
[EventRounds "11"]
[EventCountry "CUB"]
[EventCategory "13"]
[SourceTitle "CBM 096"]
[Source "ChessBase"]
[SourceDate "2003.09.25"]
[SourceVersion "1"]
[SourceVersionDate "2003.09.25"]
[SourceQuality "1"]

1. Nf3 Nf6 2. c4 d6 3. g3 e5 4. Bg2 c6 5. Nc3 Be7 6. O-O O-O 7. e4 Nbd7 8. d4
Qc7 9. Rb1 a6 (9... a5 10. h3 Rd8 11. Be3 Nf8 12. Qc2 Ne6 13. Rbc1 Nd7 14. Rfd1
Bf6 15. b3 g6 16. Qb1 Qb8 17. a3 Bg7 18. d5 $14 {1-0 Garcia,R-Espinoza,C/Mar
del Plata 1962 (53)}) (9... Re8 10. h3 a6 11. Be3 Bf8 12. Re1 h6 13. a3 b5 14.
Nd2 Bb7 15. b4 exd4 16. Bxd4 Ne5 17. Qb3 Rac8 18. f4 $14 {1-0 Tibensky,R-Ianov,
V/Litomysl 1997 (50)}) 10. b4 (10. a4 Rb8 11. c5 Ra8 (11... dxc5 12. dxe5 Nxe5
$4 13. Nxe5 Qxe5 14. Bf4 {[%csl Rb8]}) 12. cxd6 Bxd6 13. b4 b6 14. Qb3 Bb7 15.
Rd1 Rfe8 16. d5 cxd5 17. Nxd5 Nxd5 18. exd5 a5 (18... Nf6) 19. bxa5 $11 {
1-0 Eberhardt,F-Soelch,H/Germany 1987 (29)}) (10. d5 Nc5 11. Ne1 cxd5 12. cxd5
b5 13. Nc2 Rb8 (13... Bd7) 14. b4 Ncd7 15. Bb2 Qa7 16. Kh1 Bd8 17. f4 {1-0
Tibensky,R-Bednar,J/Slovakia 1997 (54) . mit gleichen Chancen}) 10... b5 11.
dxe5 Nxe5 12. Nxe5 dxe5 13. c5 Be6 14. Qc2 Rfd8 {Schwarz darf zufrieden sein:
er hat keine Probleme.} 15. Rd1 Rxd1+ 16. Nxd1 Rd8 17. Ne3 g6 (17... a5 $1 {
erscheint mir logisch und stark: Schwarz entledigt sich seines
achtergebliebenen Bauern.}) 18. Bb2 Ng4 {Hier und später bleibt ....a5 der
logische Zug.} 19. Nf1 Bg5 20. Rd1 h5 21. h3 Rxd1 22. Qxd1 Nh6 {[%csl Rh6] Es
ist merkwürdig wie schnell Schwarz seine gute Stellung verdorben hat.} 23. f4
$1 Bf6 (23... exf4 24. Qd4 f6 25. h4 $18) 24. Qd2 $16 Kh7 25. Nh2 Bg7 26. Nf3
exf4 27. Ng5+ Kg8 28. Bxg7 Kxg7 29. gxf4 Qd7 30. Qxd7 Bxd7 31. Nf3 f6 32. e5
Nf7 33. exf6+ Kxf6 34. Nd4 Nd8 35. h4 {Man sollte normalerweise stets die
Bauern auf die entgegengestellte Farbe des feindlichen Läufers setzen. Das
weiß jeder und eben natürlich ein Eindspielkünstler wie 'Uffe'.} Ne6 36. Nxe6
Kxe6 {[%csl Ra6,Rc6,Rg6] Es ist ein klassisches Beispiel entstanden von gutem
gegen schlechten Läufer.} 37. Kf2 Kf6 38. Ke3 Ke7 39. Kd4 Kf6 40. a3 Be8 41.
Be4 Bd7 42. Kc3 Be8 43. Kb2 Bd7 44. a4 $1 {Dieser Zug ist nur möglich weil
Schwarz es die ganze Zeit versäumt hat ...a5 zu spielen.} (44. a4 Be8 (44...
bxa4 $4 45. Ka3 {[%cal Ga3a6,Ga5b6]}) 45. a5 Bd7 46. Kc3 Kg7 47. Kd4 Kf6 48.
Bg2 $1 {und Schwarz wird austempiert:} Be8 (48... Ke7 49. Ke5 Be8 50. Be4 $1)
49. Bh3 {[%cal Gh3c8,Gc8a6]}) 1-0